Maine-et-Loire - mort subite - Statistiques

Statistiques générales
  • Ce quiz a été pris 49 fois
  • Le résultat moyen est 12 sur 18
Answers on the Grid
Answers color-coded by a green-red scale on the quiz's grid according to % correct below.
Cholet
Alger
Bremer
Saumur
La distillerie de Cointreau
Upata
Le tombeau de RIchard I d'Angleterre
Annecy
Beaupréau-en-Mauges
Ajmer
Chemillé-en-Anjou
Un site du patrimoine mondial de l'Unesco
Parme
Salavat
Kahramanmaraş
Le Loir
Abbaye de Fontevraud
Ins
Daule
Les Angoumoisins
Château de Brissac
Saguenay
Le tombeau d'Aliénor d'Aquitaine
Sèvremoine
Château de Suronde
Une frontière avec les Deux-Sèvres
Saint-Domingue
Savigny-sur-Orge
Brovary
Domaine aux Moines
Alès
Choisy-le-Roi
Une frontière avec la Brétagne
Angers
Châteauneuf-sur-Cher
Le tombeau d'Henri II d'Angleterre
 
Statistiques - réponses
Réponse % Correct
Cholet
95%
Saumur
93%
Beaupréau-en-Mauges
90%
Chemillé-en-Anjou
88%
Angers
86%
Château de Brissac
81%
Val de Loire (partiel) Un site du patrimoine mondial de l'Unesco
79%
Abbaye de Fontevraud
71%
Saint-Barthélemy-d'Anjou La distillerie de Cointreau
69%
Une frontière avec les Deux-Sèvres
69%
Sèvremoine
67%
Le tombeau de RIchard I d'Angleterre
57%
Le Loir
52%
Le tombeau d'Henri II d'Angleterre
48%
Ille-et-Vilaine Une frontière avec la Brétagne
48%
Savennières Domaine aux Moines
45%
Le tombeau d'Aliénor d'Aquitaine
43%
Domaine producteur du vin Quarts-de-Chaume Château de Suronde
36%
Aucun quiz correspondant
Distribution des résultats
% des personnes avec chaque résultat
Percentile par nombre de réponses
Votre historique - résultats
Vous n’avez pas pris ce quiz